Operations research for public systems

Uloženo v:
Podrobná bibliografie
Hlavní autor: Morse, Philip M. (Autor)
Médium: Kniha
Jazyk:angličtina
Vydáno: Cambridge M.I.T 1967
Témata:
Tagy: Přidat tag
Žádné tagy, Buďte první, kdo vytvoří štítek k tomuto záznamu!

MARC

LEADER 00000nam a2200000 a 4500
001 UCW1588
003 CL-VaPUC
008 920812e19670000US |||||||||||||||||eng|d
082 0 4 |a 003  |b MOR  |2 21 
100 |a Morse, Philip M.  |e author  |9 538227 
245 1 0 |a Operations research for public systems 
300 |a 212 p 
942 |c BK 
945 |d 19920812 00:00:00 
260 |a Cambridge  |b M.I.T  |c 1967 
650 0 |a Investigación operativa  |9 259383 
583 |a last modification  |c 20180306 01:59:47  |k Rodrigo Vera 
999 |c 216463  |d 216461